| 000 | 00679nam a2200193 a 4500 | ||
|---|---|---|---|
| 005 | 20230517063610.0 | ||
| 008 | 070828s2005 mx r 000 0 spa d | ||
| 020 | _a9709435337 | ||
| 035 | _aUPN01000151551 | ||
| 049 | _aCG | ||
| 050 | 4 |
_aHM881 _bA3.2 |
|
| 100 | 1 |
_aAguirre Rojas, Carlos Antonio, _d1955- _930121 |
|
| 245 | 1 | 0 |
_aAmérica Latina en la encrucijada : _blos movimientos sociales y la muerte de la política moderna / _cCarlos Antonio Aguirre Rojas. |
| 260 |
_aMéxico : _bContrahistorias, _c2005. |
||
| 300 | _a127 p. | ||
| 650 | 4 |
_aMovimientos sociales _zAmérica Latina _99654 |
|
| 651 | 4 |
_aAmérica Latina _xPolítica y gobierno _ySiglo XXI _99653 |
|
| 905 | _aLibro | ||
| 999 |
_c123687 _d123687 |
||